000 00771nam a2200253Ia 4500
003 OSt
005 20220926022752.0
006 a|||||r|||| 00| 0
007 ta
008 220923b |||||||| |||| 00| 0 eng d
020 _a0442276435
037 _cGeneral Book
040 _aRTL
_cRTL
_beng
041 _2eng
_aeng
082 _aX9(D):(D6,9(B).73.N7, M0
100 _aSkrokov Robert M Ed.
_9328242
245 0 _aMini and jmicrocomputer control in industrial proc
260 _aNew York
_bVan Nostrand Reinhold USA
_c1980
300 _axi, 291p.
_ccm.
500 _aBib chapterwise,Glossary p. 265-81
650 _aEngineering
_92968
942 _hX9(D):(D6,9(B).73.N7, M0
_cGB
_2CC
999 _c640249
_d640249